Landlocked countries - Sudden Death - Statistics

General Stats
  • This quiz has been taken 74 times
    34 since last reset
  • The average score is 15 of 23
Answers on the Grid
Answers color-coded by a green-red scale on the quiz's grid according to % correct below.
Afghanistan
Kenya
Burkina Faso
Ethiopia
Georgia
Bolivia
Botswana
Chad
Azerbaijan
Bhutan
Central African Republic
Hungary
Turkmenistan
Austria
Bangladesh
Luxembourg
Belarus
Poland
Eswatini
Andorra
Kyrgyzstan
Czech Republic
ecuador
South Sudan
Kosovo
Laos
Belgium
Gabon
Niger
Peru
Serbia
Gambia
Benin
 
Answer Stats
Answer % Correct
Czech Republic
75%
Eswatini
75%
Laos
75%
Luxembourg
75%
Austria
69%
Botswana
69%
Kyrgyzstan
69%
Serbia
69%
Afghanistan
63%
Andorra
63%
Bhutan
63%
Bolivia
63%
Chad
63%
Hungary
63%
Kosovo
63%
Niger
63%
South Sudan
63%
Burkina Faso
56%
Central African Republic
56%
Ethiopia
56%
Turkmenistan
56%
Azerbaijan
44%
Belarus
44%
No matching quizzes found
Score Distribution
Percent of People with Each Score
Percentile by Number Answered
Your Score History
You have not taken this quiz since the last reset